000 00800nam a22002417a 4500
999 _c12140
_d12140
003 AR-CdUCM
008 190405b ||||| |||| 00| 0 spa d
040 _aMUNICIPALIDAD PROVINCIAL DEL CUSCO
_cBIBLIOTECA MUNICIPAL DEL CUSCO
082 _aC / 869.56 /
_bM43
100 _aMercado, Guillermo
_9952
245 _aPoemas /
260 _aCusco :
_bGarcilaso,
_c1954.
300 _a33 páginas ;
_c24 cm.
440 _aPoetas de la Patria cuaderno de poesía.
_n1
_929834
500 _aDepartamento de Extensión Cultural.
_aSegundo ejemplar no cuenta con tapa.
505 _aContenido: Poemas.
650 _aLiteratura Peruana
_9132
650 _aSiglo XX
_98
650 _aArequipa
_91703
710 _aUniversidad Nacional del Cuzco.
_923977
942 _2ddc
_cLIBROS
945 _aachl
_d2019-04-05